|
|
|
|
| LEADER |
00959nam a2200265 a 4500 |
| 001 |
2631 |
| 003 |
BD-DhAAL |
| 005 |
20150316092254.0 |
| 008 |
150316s1998 flua b 001 0 eng |
| 010 |
|
|
|a 97045717
|
| 020 |
|
|
|a 1574442066 (alk. paper)
|
| 040 |
|
|
|a DLC
|c DLC
|d DLC
|d BD-DhAAL
|
| 050 |
0 |
0 |
|a HD57.7
|b .M34 1998
|
| 082 |
0 |
0 |
|a 658.4/092
|2 21
|
| 100 |
1 |
|
|a Magee, Jeffrey L.
|9 9688
|
| 245 |
1 |
0 |
|a Yield management :
|b the leadership alternative for performance and net profit improvement /
|c Jeffry L. Magee.
|
| 260 |
|
|
|a Boca Raton :
|b St. Lucie Press,
|c c1998.
|
| 300 |
|
|
|a 326 p. :
|b ill. ;
|c 24 cm.
|
| 504 |
|
|
|a Includes bibliographical references (p. [305]-307) and index.
|
| 541 |
|
|
|e 2631
|
| 650 |
|
0 |
|a Leadership.
|9 9689
|
| 650 |
|
0 |
|a Corporate profits.
|9 9232
|
| 942 |
|
|
|2 ddc
|c BK
|
| 999 |
|
|
|c 34054
|d 34054
|
| 952 |
|
|
|0 0
|1 0
|2 ddc
|4 0
|6 658_409200000000000_MAG
|7 0
|9 53145
|a SCL
|b SCL
|c GEN
|d 2015-03-16
|l 0
|o 658.4092 MAG
|p 3020002631
|r 2015-03-16
|t 1
|w 2015-03-16
|y BK
|